书目信息 |
| 题名: |
鲁迅论文学艺术遗产
|
|
| 作者: | 天津师范学院中文系 编 | |
| 分册: | ||
| 出版信息: | 1972 |
|
| 页数: | 128页 | |
| 开本: | 20cm | |
| 丛书名: | ||
| 单 册: | ||
| 中图分类: | I210.3 | |
| 科图分类: | ||
| 主题词: | 文学--作品集--中国 | |
| 电子资源: | ||
| ISBN: | ||
| 000 | 00609nam0 2200181 450 | |
| 001 | 0655211109 | |
| 005 | 20060605152305.87 | |
| 100 | @a20060605d1972 km y0chiy0120 ea | |
| 101 | 0 | @achi |
| 200 | 1 | @a鲁迅论文学艺术遗产@Alu xun lun wen xue yi shu yi chan@e征求意见稿@f天津师范学院中文系编@Ftian jin shi fan xue yuan zhong wen xi bian |
| 210 | @d1972 | |
| 215 | @a128页@d20cm | |
| 517 | 1 | @a征求意见稿@Azheng qiu yi jian gao |
| 606 | 0 | @a文学@x作品集@x中国 |
| 690 | @aI210.3@v3 | |
| 701 | 0 | @a天津师范学院中文系@Atian jin shi fan xue yuan zhong wen xi@4编 |
| 801 | 0 | @aCN@bPFT@c20060605 |
| 905 | @a10447@dI210.3@e206 | |
| 鲁迅论文学艺术遗产:征求意见稿/天津师范学院中文系编.-1972 |
| 128页;20cm |
| ISBN : |
| ● |
| 相关链接 |
|
|
|
|
正题名:鲁迅论文学艺术遗产
索取号:I210.3/206
 
预约/预借
| 序号 | 登录号 | 条形码 | 馆藏地/架位号 | 状态 | 备注 |
| 1 | 0420569 | 204205699 | 密集书库/ [索取号:I210.3/206] | 在馆 |